Certain public works castings from India : Determinations of a reasonable indication of material injury in investigation No.303-TA-13 (Priliminary) under the section 303 (b) of the Tariff Act of 1930, together with the information obtained in the investigation

সংরক্ষণ করুন:
গ্রন্থ-পঞ্জীর বিবরন
বিন্যাস: গ্রন্থ
ভাষা:Undetermined
প্রকাশিত: Washington, D.C. United States International Trade Commission 1980
বিষয়গুলি:
ট্যাগগুলো: ট্যাগ যুক্ত করুন
কোনো ট্যাগ নেই, প্রথমজন হিসাবে ট্যাগ করুন!
Thư viện lưu trữ: Trung tâm Học liệu Trường Đại học Cần Thơ
LEADER 00766nam a2200181Ia 4500
001 CTU_107323
008 210402s9999 xx 000 0 und d
082 |a 338.47 
082 |b U58/No.1056 
245 0 |a Certain public works castings from India : 
245 0 |b Determinations of a reasonable indication of material injury in investigation No.303-TA-13 (Priliminary) under the section 303 (b) of the Tariff Act of 1930, together with the information obtained in the investigation 
260 |a Washington, D.C. 
260 |b United States International Trade Commission 
260 |c 1980 
650 |a Iron industry and trade,Competition, international 
650 |z India 
904 |i Minh (Tuyến) 
980 |a Trung tâm Học liệu Trường Đại học Cần Thơ